ბათუმის შოთა რუსთაველის სახელმწიფო უნივერსიტეტის ბიბლიოთეკა

ასი ლექსი (ბიბ.ჩანაწერი № 43128)

000 -LEADER
fixed length control field 00788nam a2200229Ia 4500
001 - CONTROL NUMBER
control field 9849
003 - CONTROL NUMBER IDENTIFIER
control field GE_BSU
008 - FIXED-LENGTH DATA ELEMENTS--GENERAL INFORMATION
fixed length control field 181216s||||||||xx |||||||||||||| ||und||
020 ## - INTERNATIONAL STANDARD BOOK NUMBER
International Standard Book Number 9994039059
040 ## - CATALOGING SOURCE
Transcribing agency GE_BSU
080 ## - UNIVERSAL DECIMAL CLASSIFICATION NUMBER
Universal Decimal Classification number 821.353.1–1
100 ## - MAIN ENTRY--PERSONAL NAME
Personal name იაშვილი,პაოლო
245 ## - TITLE STATEMENT
Title ასი ლექსი
245 ## - TITLE STATEMENT
Statement of responsibility, etc. შემდგ.ნინო ყულოშვილი.წინასიტყვ.ბელა წიფურიასი.საგამომც.პროექტის ავტ. კახმეგ კუდავა
260 ## - PUBLICATION, DISTRIBUTION, ETC.
Place of publication, distribution, etc. თბილისი
260 ## - PUBLICATION, DISTRIBUTION, ETC.
Name of publisher, distributor, etc. ინტელექტი
260 ## - PUBLICATION, DISTRIBUTION, ETC.
Date of publication, distribution, etc. 2006
300 ## - PHYSICAL DESCRIPTION
Extent 152გვ.20სმ
653 ## - INDEX TERM--UNCONTROLLED
Uncontrolled term ასი ლექსი
942 ## - ADDED ENTRY ELEMENTS (KOHA)
Koha item type წიგნი
ეგზემპლარები
Withdrawn status Lost status Damaged status Not for loan Date acquired Barcode Date last seen Price effective from Koha item type
        2018-12-17 32881 2018-12-17 2018-12-17 წიგნი